Największe miasta Beneluksu - Statystyki

Ogólne statystyki
  • Ten quiz został rozwiązany 18 razy
  • Średni wynik to 10 z 20
Statystyki odpowiedzi
Hint Odpowiedź % Poprawnych
935 000 Amsterdam
100%
196 000 Bruksela
100%
671 000 Rotterdam
100%
556 000 Antwerpia
88%
565 000 Haga
88%
246 000 Eindhoven
76%
195 000 Liege
76%
374 000 Utrecht
71%
269 000 Gandawa
65%
204 000 Charleroi
59%
186 000 Breda
41%
244 000 Groningen
41%
163 000 Arnhem
35%
182 000 Nijmegen
35%
227 000 Almere
12%
163 000 Haarlem
12%
230 000 Tilburg
12%
157 000 Amersfoort
0%
165 000 Apeldoorn
0%
158 000 Haarlemmermeer
0%
Nie znaleziono quizów pasujących do podanych kryteriów
Rozkład punktacji
Procent ludzi z każdym wynikiem
Percentyl według liczby udzielonych odpowiedzi
Twoja historia wyników
Nie rozwiązałeś tego quizu